Armenian Premier League Teams - Statistics

General Stats
  • This quiz has been taken 7 times
  • The average score is 5 of 10
Answer Stats
Team % Correct
FC Noah
86%
FC Pyunik
71%
FC Alashkert
57%
FC Ararat-Armenia
57%
FC Ararat Yerevan
43%
FC Shirak
43%
FC Urartu
43%
FC Van
43%
FC BKMA Yerevan
29%
FC Gandzasar Kapan
29%
No matching quizzes found
Score Distribution
Percent of People with Each Score
Percentile by Number Answered
Your Score History
You have not taken this quiz